=LDR 00000nam 2200000 4500 =001 INLIS000000000001466 =005 20130612085851 =008 ***********************************Ind** =035 ##$$0010-061300000001466 =041 ##$$a Ind =082 ##$$a 811 =090 ##$$a 811, Sar-n =100 ##$$a SARWONO, B =245 ##$$a Nyanyian anggur 150 sajak, B. Sarwono =260 ##$$a 1993 $b Jakarta =300 ##$$a xi, 152 hlm, 21 cm =650 ##$$a Sajak Indonesia =850 ##$$a NBPNMAT